000 00546nam a2200205Ia 4500
005 20260429112057.0
008 260429s9999||||xx |||||||||||||| ||und||
020 _a9788126923113
041 _aEnglish
082 _a294.513
_bWIL
100 _aWilkins,W. J.
245 0 _aHindu mythology :
_bVedic and puranic /
_cW. J. Wilkins
250 _a1st ed.
260 _aNew Delhi :
_bAtlantic Publishers and Distributors,
_c2024.
300 _axiv, 402 p.; hb
650 _a Puranic
650 _a Vedic
650 _aMythology
942 _cTB
999 _c52232
_d52232